| 000 | 00473nam a2200205Ia 4500 | ||
|---|---|---|---|
| 008 | 170918s9999 xx 000 0 und d | ||
| 020 | _a9780142418581 | ||
| 050 | _bF583 2010 | ||
| 100 | _aFlanagan, John | ||
| 245 | _aHalt's peril / | ||
| 245 | _cby John Flanagan. | ||
| 260 | _aUSA : | ||
| 260 | _bPuffin Books, | ||
| 260 | _c2010 | ||
| 300 | _a386 pages : | ||
| 300 | _billustrations ; | ||
| 300 | _c19cm. | ||
| 300 | _eRanger's apprentice ; | ||
| 440 | _a9 | ||
| 999 |
_c343378 _d343378 |
||